Clash Royal cartas español - Estadísticas

Estadísticas generales
  • Esta prueba ha sido intentada 150 veces
    140 desde el último reinicio
  • La puntuación promedio es 79 de 121
Estadísticas de respuestas
elixir Respuesta % Correcto
1 Espíritu de hielo
97%
1 Esqueletos
97%
1 Espíritu de fuego
96%
8 Gólem
92%
2 Duendes
90%
2 El Tronco
90%
4 Bola de fuego
89%
2 Descarga
89%
5 Mago
89%
5 Gigante
88%
3 Mago de hielo
88%
3 Cañón
87%
4 Mago eléctrico
87%
3 Caballero
86%
? Espejo
86%
1 Espíritu eléctrico
86%
7 P.E.K.K.A
86%
3 Princesa
86%
3 Arqueras
85%
7 Megacaballero
85%
4 Mosquetera
85%
4 Mini P.E.K.K.A
84%
9 Trio de mosqueteras
84%
3 Barril de duendes
82%
4 Montapuercos
82%
5 Bruja
81%
2 Duendes con lanza
81%
4 Torre tesla
81%
6 Cohete
79%
3 Flechas
79%
6 Rayo
79%
4 Dragón infernal
78%
2 Gólem de hielo
78%
4 Bebé dragón
77%
5 Choza de duendes
77%
5 Torre infernal
77%
3 Bandida
76%
5 Dragón eléctrico
76%
3 Ejército de esqueletos
76%
3 Esbirros
76%
3 Gólem de elixir
76%
4 Bruja nocturna
75%
6 Choza de bárbaros
75%
1 Espíritu sanador
75%
2 Furia
75%
6 Duende gigante
74%
7 Gigante eléctrico
74%
6 Gigante noble
74%
5 Príncipe
74%
5 Bárbaros
73%
2 Bola de nieve
73%
4 Bruja madre
73%
3 Minero
73%
5 Reina arquera
73%
6 Esqueleto gigante
70%
4 Hielo
70%
5 Horda de esbirros
70%
4 Príncipe oscuro
69%
4 Rey esqueleto
69%
4 Torre bombardera
69%
2 Barril de bárbaro
68%
6 Chispitas
68%
6 Bárbaros de élite
67%
2 Bombardero
67%
4 Horno
67%
4 Leñador
67%
7 Sabueso de lava
67%
3 Pandilla de duendes
66%
4 Valquiria
66%
3 Duende lanzadardos
65%
3 Lanzafuegos
64%
4 Veneno
64%
5 Globo bombástico
63%
3 Lápida
63%
7 Reclutas reales
63%
3 Clon
62%
4 Arquero Mágico
59%
4 Caballero dorado
59%
5 Montacarneros
58%
6 Ballesta
57%
5 Cementerio
57%
4 Mortero
57%
2 Murciélagos
57%
4 Gran minero
55%
3 Barril de esqueletos
54%
5 Cañón con ruedas
54%
5 Puercos reales
54%
2 Rompemuros
54%
3 Terremoto
54%
3 Fantasma real
53%
Torre Cañonero
52%
3 Guardias
52%
3 Vacío
52%
5 Verdugo
51%
4 Dragones esqueleto
49%
5 Monje
49%
3 Megaesbirro
48%
3 Tornado
48%
6 Recolector de elixir
47%
2 Maldición duende
46%
3 Paquete real
46%
3 Principito
46%
4 Jaula del forzudo
44%
5 Lanzarrocas
43%
5 Máquina duende
43%
4 Máquina voladora
43%
3 Pescador
43%
4 Cazador
41%
Torre Duquesa de dagas
41%
4 Ariete de batalla
40%
4 Gigante rúnica
40%
5 Pillos
38%
4 Curandera guerrera
35%
Torre Cocinero real
33%
2 Arbusto sospechoso
32%
4 Fénix
30%
4 Excavadora de duendes
26%
4 Electrocutadores
25%
Torre Princesa de torre
22%
4 Demoledor duende
14%
Torre Bebés duende
7%
No se encontraron pruebas coincidentes
Distribución de puntuación
Porcentaje de gente con cada puntuación
Porcentaje por número respondido
Historial de tus puntuaciones
No has intentado esta prueba desde el último reinicio